How to Make a New Spain (Record no. 10870)
[ view plain ]
| 000 -CABECERA | |
|---|---|
| campo de control de longitud fija | 01261nam a22003137a 4500 |
| 001 - NÚMERO DE CONTROL | |
| campo de control | BRCA_9251 |
| 003 - IDENTIFICADOR DEL NÚMERO DE CONTROL | |
| campo de control | FranzMayer |
| 005 - FECHA Y HORA DE LA ÚLTIMA TRANSACCIÓN | |
| campo de control | 20230717135705.0 |
| 008 - DATOS DE LONGITUD FIJA--INFORMACIÓN GENERAL | |
| campo de control de longitud fija | 230712b |||||||| |||| 00| 0 eng d |
| 020 ## - NÚMERO INTERNACIONAL ESTÁNDAR DEL LIBRO | |
| Número Internacional Estándar del Libro | 9780197682296 |
| 040 ## - FUENTE DE LA CATALOGACIÓN | |
| Centro catalogador/agencia de origen | MFM |
| Lengua de catalogación | esp |
| Centro/agencia transcriptor | MFM |
| 041 ## - CÓDIGO DE LENGUA | |
| Código de lengua del texto/banda sonora o título independiente | esp |
| 050 #0 - SIGNATURA TOPOGRÁFICA DE LA BIBLIOTECA DEL CONGRESO | |
| Número de clasificación | F1231 |
| Número de documento/Ítem | R63 2023 |
| 100 1# - ENTRADA PRINCIPAL--NOMBRE DE PERSONA | |
| Nombre de persona | Rodríguez Alegría, Enrique |
| 9 (RLIN) | 28675 |
| 110 1# - ENTRADA PRINCIPAL--NOMBRE DE ENTIDAD CORPORATIVA | |
| Nombre de entidad corporativa o nombre de jurisdicción como elemento de entrada | Oxford |
| 9 (RLIN) | 28676 |
| 240 1# - TÍTULO UNIFORME | |
| Título uniforme | How to Make a New Spain |
| Medio | The Material Worlds of Colonial Mexico City |
| 245 0# - MENCIÓN DE TÍTULO | |
| Título | How to Make a New Spain |
| Resto del título | The Material Worlds of Colonial Mexico City |
| 260 ## - PUBLICACIÓN, DISTRIBUCIÓN, ETC. | |
| Lugar de publicación, distribución, etc. | New York, United States of America |
| Nombre del editor, distribuidor, etc. | Oxford |
| Fecha de publicación, distribución, etc. | 2023 |
| 300 ## - DESCRIPCIÓN FÍSICA | |
| Extensión | 323 p |
| Otras características físicas | ilustraciones |
| Dimensiones | 25 cm |
| 500 ## - NOTA GENERAL | |
| Nota general | L60/N5 |
| 504 ## - NOTA DE BIBLIOGRAFÍA, ETC. | |
| Nota de bibliografía, etc. | Bibliografía aparece bajo el nombre de índice y se encuentra con materiales como descripción de las imágenes y tablas de resumen |
| 505 0# - NOTA DE CONTENIDO CON FORMATO | |
| Nota de contenido con formato | Destinado a: historiadores, investigadoresIncluye índice (temático)Bibliografía: 285-307 |
| 600 1# - PUNTO DE ACCESO ADICIONAL DE MATERIA--NOMBRE DE PERSONA | |
| Nombre de persona | Rodríguez Alegría, Enrique |
| 9 (RLIN) | 28677 |
| 650 1# - PUNTO DE ACCESO ADICIONAL DE MATERIA--TÉRMINO DE MATERIA | |
| Fuente del encabezamiento o término | Historia de México |
| Término de materia o nombre geográfico como elemento de entrada | Nueva España |
| 9 (RLIN) | 28835 |
| 651 2# - PUNTO DE ACCESO ADICIONAL DE MATERIA--NOMBRE GEOGRÁFICO | |
| Fuente del encabezamiento o término | Latinoamérica-México-Ciudad de México |
| Nombre geográfico | Nueva España |
| Subdivisión cronológica | 1535-1821 |
| 9 (RLIN) | 28678 |
| 700 1# - PUNTO DE ACCESO ADICIONAL--NOMBRE DE PERSONA | |
| Nombre de persona | Rodríguez Alegría, Enrique |
| 9 (RLIN) | 28675 |
| 710 1# - PUNTO DE ACCESO ADICIONAL--NOMBRE DE ENTIDAD CORPORATIVA | |
| Nombre de entidad corporativa o nombre de jurisdicción como elemento de entrada | Oxford University Press |
| 9 (RLIN) | 28679 |
| 942 ## - ELEMENTOS DE PUNTO DE ACCESO ADICIONAL (KOHA) | |
| Fuente del sistema de clasificación o colocación | Library of Congress Classification |
| Tipo de ítem Koha | Libros |
| Estado de retiro | Estado de pérdida | Fuente del sistema de clasificación o colocación | Estado dañado | No para préstamo | Código de colección | Localización permanente | Ubicación/localización actual | Fecha de adquisición | Fuente de adquisición | Total de préstamos | Signatura topográfica completa | Código de barras | Fecha visto por última vez | Número de copia | Precio válido a partir de | Tipo de ítem Koha |
|---|---|---|---|---|---|---|---|---|---|---|---|---|---|---|---|---|
| El ejemplar forma parte de la colección y puede ser consultado según las políticas vigentes. | Library of Congress Classification | Fondo Contemporáneo | Biblioteca del Museo Franz Mayer (Rogerio Casas-Alatriste) | Biblioteca del Museo Franz Mayer (Rogerio Casas-Alatriste) | 12/07/2023 | Donación | F1231 R63 2023 | CONT10047 | 12/07/2023 | 1 | 12/07/2023 | Libros |